[Event "EU-ch U12 24th"]
[Site "Batumi"]
[Date "2014.10.22"]
[Round "4"]
[White "Gasanov, Zaur"]
[Black "Dilanyan, Vachagan"]
[Result "1-0"]
[WhiteElo "1895"]
[BlackElo "1718"]
[PlyCount "53"]
[EventDate "2014.10.19"]
[EventType "swiss"]
[EventRounds "9"]
[EventCountry "GEO"]
[SourceTitle "EXT 2016"]
[Source "ChessBase"]
[SourceDate "2015.10.08"]
[SourceVersion "1"]
[SourceVersionDate "2015.10.08"]
[SourceQuality "1"]

1. d4 d5 2. g3 Nf6 3. Bg2 e6 4. Nf3 Be7 5. 0-0 0-0 6. c4 Nbd7 7. b3 b6 8. Nc3 Bb7 9. Bb2 c5 10. cxd5 exd5 11. dxc5 bxc5 12. Nh4 Nb6 13. Nf5 Re8 14. Nxe7+ Qxe7 15. e3 Rad8 16. Re1 Ne4 17. Qc2 f5 18. Rac1 c4 19. Nxe4 fxe4 20. Bd4 Ba6 21. Qd2 Qa3 22. Bf1 cxb3 23. Bc5 Nc4 24. Bxc4 Qxc5 25. Bxa6 Qb6 26. Bf1 bxa2 27. Qxa2 1-0

[Event "EU-ch U12 24th"]
[Site "Batumi"]
[Date "2014.10.19"]
[Round "1"]
[White "Dilanyan, Vachagan"]
[Black "Vassilev, Martin"]
[Result "0-1"]
[WhiteElo "1718"]
[BlackElo "1998"]
[PlyCount "93"]
[EventDate "2014.10.19"]
[EventType "swiss"]
[EventRounds "9"]
[EventCountry "GEO"]
[SourceTitle "EXT 2016"]
[Source "ChessBase"]
[SourceDate "2015.10.08"]
[SourceVersion "1"]
[SourceVersionDate "2015.10.08"]
[SourceQuality "1"]

1. e4 e6 2. Qe2 Ne7 3. Nf3 d5 4. d3 c5 5. g3 dxe4 6. dxe4 b6 7. Bf4 Ng6 8. Bxb8 Rxb8 9. Nbd2 Qc7 10. 0-0-0 Bd7 11. Bg2 b5 12. h4 c4 13. h5 Ne7 14. c3 Nc6 15. Nd4 Nxd4 16. cxd4 Rb6 17. d5 Ra6 18. e5 exd5 19. Bxd5 Be7 20. a3 c3 21. Nb1 0-0 22. bxc3 Bxa3+ 23. Kc2 Bf5+ 24. Be4 Qxe5 25. f3 Bc5 26. Kb2 Bxe4 27. fxe4 Qe7 28. Qg4 Qe6 29. Qxe6 fxe6 30. Rhf1 Rd6 31. e5 Rxf1 32. Rxf1 Rd5 33. Na3 Bxa3+ 34. Kxa3 Rxe5 35. Kb4 a6 36. Ka5 Rc5 37. Kxa6 Rxc3 38. Kxb5 Rxg3 39. Kc6 Rd3 40. Rf4 Rd5 41. h6 g5 42. Rf6 g4 43. Rxe6 Rg5 44. Kd7 g3 45. Ke7 Rg6 46. Re3 g2 47. Ra3 0-1